| 000 | 01281cam a22002295a 4500 | ||
|---|---|---|---|
| 001 | L139301 | ||
| 008 | 070725e20070713xxkbeo f f000 0 eng d | ||
| 020 | _a9781847810571 | ||
| 035 | _a(Sirsi) u139301 | ||
| 041 | 0 | _aeng | |
| 050 | 0 | 4 | _a711.309421 $2 18 |
| 110 | 1 |
_aLondon _bGreater London Authority _93989 |
|
| 245 | 0 | 0 |
_aLondon view management framework _bthe London Plan supplementary planning guidance _h[electronic resource] |
| 260 |
_aLondon _bGLA _c2007 |
||
| 520 | _aProvides guidance on the policies contained in the London Plan (L125752). Introduces a methods of assessment to be used in the management of views. They are based on the principles of good design and existing national, regional and local planning policies. Individual Management Plans are presented for each of the 26 designated London Views. These will be of interest to landowners and developers in nearby boroughs. Technical appendices. | ||
| 520 | _aSuperseded by the 2009 London view management framework ISBN 9781847812636 (L147724). | ||
| 590 | _aKA | ||
| 651 | 4 | _aLondon | |
| 690 | _aENVIRONMENTAL AND LAND CONSULTANCY-PLANNING AND DEVELOPMENT-STRATEGIC PLANNING | ||
| 856 | 4 | 0 |
_uhttps://www.london.gov.uk/mayor/strategies/sds/spg-views.jsp _zView the article free of charge... |
| 942 | _n0 | ||
| 999 |
_c107289 _d107289 |
||